Statistiken für Spieler, die Gerwyn Price bei der Darts WM besiegten

Klicken Sie hier um das Quiz zu spielen!

Allgemein

  • Dieses Quiz wurde 59 mal gespielt
    (33 seit der letzten Aktualisierung)
  • Das Durchschnittsergebnis liegt bei 7 aus 9

Antwortstatistiken

JahrRundeNationalitätSpieler% Korrekt
2023ViertelfinaleDeutschlandGabriel Clemens
96%
2018AchtelfinaleNiederlandeMichael van Gerwen
96%
20151. RundeSchottlandPeter Wright
96%
2020HalbfinaleSchottlandPeter Wright
96%
20243. RundeNordirlandBrendan Dolan
89%
2022ViertelfinaleEnglandMichael Smith
86%
20171. RundeWalesJonny Clayton
82%
20192. RundeEnglandNathan Aspinall
54%
20161. RundeEnglandAndrew Gilding
29%

Verteilung der Resultate

Perzentil nach korrekt beantworteten Fragen

Anzahl Personen mit jedem Resultat

Ihre Resultats-Entwicklung

Sie haben dieses Quiz seit der letzten Aktualisierung nicht gespielt